Responses for Show #2686 - Monday, April 15, 1996

Michael Dupée game 5.

Contestants

[<< previous game]

Jeff Corrigan, a medical secretary from Atlanta, Georgia

Bea Kosla, a secondary school teacher from Townsville, Maryland

Michael Dupee, an attorney from Cleveland, Ohio (whose 4-day cash winnings total $49,401)

[next game >>]

Jeopardy! Round responses

U.S. SKYSCRAPERS
BIRTHDAY'S THE SAME
THE 1880s
INCREDIBLE EDIBLES
THE PIANO
HODGEPODGE
    $100 6
Atlanta

Michael
    $100 21
Charles Schulz

Michael
    $100 11
China

Michael
    $100 16
Blackbirds

Bea
    $100 1
a player piano

Michael
    $100 26
Papier-mache

Michael
    $200 7
Seattle

Jeff
    $200 22
Chubby Checker (Ernest Evans)

Bea
    $200 12
Lord Stanley

Michael
    $200 17
Pigs' Feet/Knuckles

Bea
    $200 2
(Johann Sebastian) Bach

Jeff
    $200 27
(B: What is Rams?)

Horsepower

MichaelBea
    $300 8
Boston

Michael
    $300 23
Monty Hall

Michael
    $300 13
Belgium

Michael
    $300 18
Squirrel

Michael
    $300 3
Salzburg

Michael
    $300 28
Geneva

Michael
    $400 9
Chrysler Building

Michael
    $400 24
(Bea: Who is Kris Kristofferson?)
["It's Easy", from the 1975 movie Nashville.]

Keith Carradine

Bea
Triple Stumper
    $400 14
Aluminum

Michael
    $400 19
Skunk Cabbage

Michael
    $400 4
(M: What is C?)

Pedal

MichaelJeff
    $400 29
Hundred Years' War

Bea
    $500 10
(B: What is Raleigh?)

Charlotte

BeaJeff
    $500 25
(J: Who is Seaver?)

Kurt Vonnegut, Jr.

Jeff
Triple Stumper
    $700 15
Alaska

Michael
    $500 20
Haggis

Michael
    $500 5
(Bea: What is 35?)
(Jeff: What is 33?)
...
(Alex: Yes, a piano has 88 keys in total.)

36

MichaelBeaJeff
    $500 30
Architecture

Michael

Scores at the first commercial break (after clue 15):

Michael Bea Jeff
$3,000 -$1,000 $800

Scores at the end of the Jeopardy! Round:

Michael Bea Jeff
$5,700 -$700 $300

Double Jeopardy! Round responses

ARTISTS
WORLD GEOGRAPHY
BIRDS
20th CENTURY WRITERS
ESPIONAGE
WORD ORIGINS
    $200 7
Rembrandt

Michael
    $200 2
Africa

Michael
    $200 17
a bald eagle

Michael
    $200 1
J.D. Salinger

Jeff
    $200 26
Fidel Castro

Michael
    $200 12
Gab

Bea
    $400 8
Thomas Gainsborough

Michael
    $400 3
Canberra

Michael
    $400 18
Cardinal

Michael
    $400 22
Jack London

Michael
    $400 27
(M: Who is Stevenson?)

Edgar Allan Poe

MichaelJeff
    $400 13
Cavalcade

Bea
    $600 9
Botticelli

Bea
    $600 4
Iceland

Jeff
    $600 19
albatrosses

Michael
    $600 23
Robert Frost

Michael
    $600 28
U-2

Bea
    $600 14
Islam

Jeff
    $800 10
Georgia O'Keeffe

Michael
    $1,000 5
Balkan Peninsula

Jeff
    $800 20
pigeons

Jeff
    $800 24
Joseph Wambaugh

Bea
    $900 29
[Bea shows relief and lets out pent-up frustration.]

Trenton

Bea
    $800 15
Hirsute

Michael
    $1000 11
(Michael: Who is Titian?)
(Jeff: Who is da Vinci?)
(Bea: Who is Michelangelo?)

Raphael

MichaelBeaJeff
Triple Stumper
    $1000 6
Gulf of Bothnia

Michael
    $1000 21
the Baltimore oriole

Michael
    $1000 25
Robert Parker

Triple Stumper
    $1000 30
(Bea: Who is Roosevelt?)
(Alex: Which one?
(Bea: Franklin...)
(Alex: No.)

Theodore Roosevelt

MichaelBea
    $1000 16
Paul Langerhans

Michael

Scores at the end of the Double Jeopardy! Round:

Michael Bea Jeff
$13,500 $800 $2,900
(lock game)

[wagering suggestions for these scores]

Final Jeopardy! Round responses

SCIENTISTS
(Alex: Michael, we'll see you again in the Tournament; three new players tomorrow.)
BeaWho is Galileo
$799
JeffWho is GALILEO
$1,299
MichaelWho is Copernicus?
$3,500
Nicolaus Copernicus

Final scores:

Michael Bea Jeff
$17,000 $1 $1,601
5-day champion: $66,401 3rd place: Magnavox 27-inch table model TV 2nd place: Lane Chippendale game table & chairs

Game dynamics:

Coryat scores:

Michael Bea Jeff
$13,300 $700 $2,700
36 R
(including 1 DD),
3 W
10 R
(including 1 DD),
6 W
10 R
(including 1 DD),
3 W

Combined Coryat: $16,700

[game clues] [game scores] [suggest correction]

Game tape date: Unknown
The J! Archive is created by fans, for fans. Scraping, republication, monetization, and malicious use prohibited; this site may use cookies and collect identifying information. See terms. The Jeopardy! game show and all elements thereof, including but not limited to copyright and trademark thereto, are the property of Jeopardy Productions, Inc. and are protected under law. This website is not affiliated with, sponsored by, or operated by Jeopardy Productions, Inc. Join the discussion at JBoard.tv.